000
00254nam a2200097Ia 4500
001
1222530
005
20250827092850.0
008
250824s9999 xx 000 0 und d
245
0
_a
PANİK YOK OKULDAYIZ
_c
YASEMİN DERYA AKAR
260
_b
ÇOÇUK GEZEGENİ
999
_c
1222530
_d
1222530